<?xml version="1.0" encoding="UTF-8"?>
<record
    xmlns:xsi="http://www.w3.org/2001/XMLSchema-instance"
    xsi:schemaLocation="http://www.loc.gov/MARC21/slim http://www.loc.gov/standards/marcxml/schema/MARC21slim.xsd"
    xmlns="http://www.loc.gov/MARC21/slim">

  <leader>01403nam a22001937a 4500</leader>
  <controlfield tag="003">CUTN</controlfield>
  <controlfield tag="005">20250704151956.0</controlfield>
  <controlfield tag="008">250326b        |||||||| |||| 00| 0 eng d</controlfield>
  <datafield tag="020" ind1=" " ind2=" ">
    <subfield code="a">9781071631287</subfield>
  </datafield>
  <datafield tag="041" ind1=" " ind2=" ">
    <subfield code="a">English</subfield>
  </datafield>
  <datafield tag="082" ind1=" " ind2=" ">
    <subfield code="a">538.362</subfield>
    <subfield code="b">ATT</subfield>
    <subfield code="2">23</subfield>
  </datafield>
  <datafield tag="100" ind1=" " ind2=" ">
    <subfield code="a">Atta-Ur-Rahman</subfield>
  </datafield>
  <datafield tag="245" ind1=" " ind2=" ">
    <subfield code="a">Nuclear Magnetic Resonance : </subfield>
    <subfield code="b">Basic Principles /</subfield>
    <subfield code="c">Atta-Ur-Rahman</subfield>
  </datafield>
  <datafield tag="260" ind1=" " ind2=" ">
    <subfield code="b">Springer,</subfield>
    <subfield code="c">r 2023.</subfield>
    <subfield code="a">New York:</subfield>
  </datafield>
  <datafield tag="300" ind1=" " ind2=" ">
    <subfield code="a">ix, 358 p.:</subfield>
    <subfield code="b">ill.;</subfield>
    <subfield code="c"> 20.3 x 25.4 x 4.7 cm.</subfield>
  </datafield>
  <datafield tag="520" ind1=" " ind2=" ">
    <subfield code="a">We are new to the on-line trade but with solid experience of two decades, we carry large stocks of books on various subjects in our show room. The subjects we carry in stock are - Academic, Ancient &amp; Classical Art, Archaeology, Architecture, Art History, Astrology, Auto- biographies, Books from India, Biology, Biographies, Computer Science, Dictionaries, Decorative Art, Design, Economics, Ethnic Arts &amp; Crafts, Fashion &amp; Jewellery, Gardens &amp; Landscape Design, Geography, Graphics, History, Homeopathy, Karma, Language, Law, Linguistics, Medicine, Modern &amp; Contemporary Art, Music &amp; Performing Art, Mythology &amp; Religion, Numismatics, Philately, Pleasure, Political Science, Photography, Research, Science &amp; Environment, Scientific, Style &amp; Interiors, Technical, Terrorism, Textiles &amp; Carpets, Travel &amp; Topography, Western Art, Wildlife, Yoga.</subfield>
  </datafield>
  <datafield tag="650" ind1=" " ind2=" ">
    <subfield code="a">Nuclear magnetic resonance spectroscopy</subfield>
  </datafield>
  <datafield tag="942" ind1=" " ind2=" ">
    <subfield code="2">ddc</subfield>
    <subfield code="c">BOOKS</subfield>
  </datafield>
  <datafield tag="999" ind1=" " ind2=" ">
    <subfield code="c">44122</subfield>
    <subfield code="d">44122</subfield>
  </datafield>
  <datafield tag="952" ind1=" " ind2=" ">
    <subfield code="0">0</subfield>
    <subfield code="1">0</subfield>
    <subfield code="2">ddc</subfield>
    <subfield code="4">0</subfield>
    <subfield code="7">0</subfield>
    <subfield code="8">NFIC</subfield>
    <subfield code="a">CUTN</subfield>
    <subfield code="b">CUTN</subfield>
    <subfield code="c">500</subfield>
    <subfield code="d">2025-03-26</subfield>
    <subfield code="l">4</subfield>
    <subfield code="m">3</subfield>
    <subfield code="o">538.362 ATT</subfield>
    <subfield code="p">51743</subfield>
    <subfield code="r">2025-11-25 12:53:05</subfield>
    <subfield code="s">2025-10-24</subfield>
    <subfield code="w">2025-03-26</subfield>
    <subfield code="y">BOOKS</subfield>
  </datafield>
  <datafield tag="952" ind1=" " ind2=" ">
    <subfield code="0">0</subfield>
    <subfield code="1">0</subfield>
    <subfield code="2">ddc</subfield>
    <subfield code="4">0</subfield>
    <subfield code="7">0</subfield>
    <subfield code="8">NFIC</subfield>
    <subfield code="a">CUTN</subfield>
    <subfield code="b">CUTN</subfield>
    <subfield code="c">500</subfield>
    <subfield code="d">2025-07-04</subfield>
    <subfield code="l">0</subfield>
    <subfield code="o">538.362 ATT</subfield>
    <subfield code="p">51271</subfield>
    <subfield code="r">2025-07-04 15:22:21</subfield>
    <subfield code="w">2025-07-04</subfield>
    <subfield code="y">BOOKS</subfield>
  </datafield>
</record>
